|
|
|
|
| LEADER |
00000cam a2200000 7i4500 |
| 001 |
0000005267 |
| 005 |
20070623093000.0 |
| 008 |
021118s1989 |
| 020 |
|
|
|a 9836207368
|
| 090 |
0 |
0 |
|a PL5142
|b .A29
|
| 100 |
0 |
|
|a A. Wahab Ali ,
|e author
|
| 245 |
0 |
0 |
|a Imej manusia dalam sastera
|c A. Wahab Ali
|
| 260 |
2 |
|
|a Kuala Lumpur :
|b Dewan Bahasa dan Pustaka ,
|c 1989
|
| 300 |
|
|
|a viii, 294 p. ; ;
|c 22 cm.
|
| 504 |
|
|
|a Includes bibliographical references (p. 273-283) and index
|
| 650 |
|
0 |
|a Characters and characteristics in literature
|
| 650 |
|
0 |
|a Malay fiction
|
| 999 |
|
|
|a 1000029955
|b Book
|c OPEN SHELF (30 DAYS)
|e Gong Badak Campus
|